| 000 | 00869nam a22002777a 4500 | ||
|---|---|---|---|
| 003 | CHAP | ||
| 005 | 20220329141632.0 | ||
| 008 | 971013s r 00010 d | ||
| 010 | _a71388 | ||
| 011 | _a72360 | ||
| 035 | _a81915 | ||
| 040 | _cCHAP | ||
| 090 | _aR-1924 | ||
| 100 | 0 | 0 |
_aCambra, Mariano. _917799 |
| 245 |
_aPlantaciones intensivas _b: el cordón vertical en melocotonero |
||
| 500 | _aSobretiro de: Jornadas Nacionales de Hortofruticultura. 3, Zaragoza, 1981 | ||
| 590 |
_aBATCH-UPD _b10 _c20130110 _lUCH01 _h1100 |
||
| 590 |
_aBATCH-UPD _b10 _c20130410 _lUCH01 _h0653 |
||
| 590 |
_aBATCH-UPD _b10 _c20130914 _lUCH01 _h1224 |
||
| 590 |
_aCONVERSION _b10 _c20130109 _lUCH01 _h1339 |
||
| 650 | 1 | 4 |
_aDurazno. _934570 |
| 650 | 1 | 4 |
_aPlantación de árboles frutales. _988783 |
| 901 | _aBK | ||
| 942 | _cREIMP | ||
| 949 |
_aR-1924 _bBC _cR _d-35635 _eTS1 _i81915 _si |
||
| 999 |
_c71388 _d71388 |
||